书目信息 |
| 题名: |
河北省普通高校专科接本科教育公共课考试指南
|
|
| 作者: | ||
| 分册: | ||
| 出版信息: | 2004 |
|
| 页数: | 318页 | |
| 开本: | 26cm | |
| 丛书名: | ||
| 单 册: | ||
| 中图分类: | G424.7 | |
| 科图分类: | ||
| 主题词: | 教学理论 | |
| 电子资源: | ||
| ISBN: | ||
| 000 | 00491nam0 2200157 450 | |
| 001 | 0636244766 | |
| 005 | 20060929100509.59 | |
| 100 | @a20060929d2004 km y0chiy0120 ea | |
| 101 | 0 | @achi |
| 200 | 1 | @a河北省普通高校专科接本科教育公共课考试指南@b理工、财经、管理类@Ahe bei sheng pu tong gao xiao zhuan ke jie ben ke jiao yu gong gong ke kao shi zhi nan |
| 210 | @d2004 | |
| 215 | @a318页@d26cm | |
| 606 | 0 | @a教学理论 |
| 690 | @aG424.7@v3 | |
| 801 | 0 | @aCN@bNISOFT@c20060929 |
| 905 | @a10447@dG424.7@e140 | |
| 河北省普通高校专科接本科教育公共课考试指南[理工、财经、管理类].-2004 |
| 318页;26cm |
| ISBN : |
| ● |
| 相关链接 |
|
|
|
|
正题名:河北省普通高校专科接本科教育公共课考试指南
索取号:G424.7/140
 
预约/预借
| 序号 | 登录号 | 条形码 | 馆藏地/架位号 | 状态 | 备注 |
| 1 | 0493641 | 204936418 | 密集书库/ [索取号:G424.7/140] | 在馆 | |
| 2 | 0493642 | 204936427 | 密集书库/ [索取号:G424.7/140] | 在馆 | |
| 3 | 0493643 | 204936436 | 密集书库/ [索取号:G424.7/140] | 在馆 |